书目信息 |
| 题名: |
桅影
|
|
| 作者: | 闵国库 著 | |
| 分册: | ||
| 出版信息: | 沈阳 春风文艺出版社 1979 |
|
| 页数: | 453页 | |
| 开本: | 20cm | |
| 丛书名: | ||
| 单 册: | ||
| 中图分类: | I247.52 , I247.4 | |
| 科图分类: | ||
| 主题词: | 长篇小说--中国--现代 | |
| 电子资源: | ||
| ISBN: | ||
| 000 | 00570nam0 2200229 450 | |
| 001 | 1552786461 | |
| 005 | 20150124144035.50 | |
| 010 | @dCNY1.00 | |
| 091 | @a10158.530 | |
| 100 | @a19950720d1979 em y0chiy0110 ea | |
| 101 | 0 | @achi |
| 102 | @aCN@b210000 | |
| 105 | @ay z 000ay | |
| 200 | 1 | @a桅影@9wei ying@f闵国库著 |
| 210 | @a沈阳@c春风文艺出版社@d1979 | |
| 215 | @a453页@d20cm | |
| 606 | 0 | @a长篇小说@y中国@z现代 |
| 690 | @aI247.52@v5 | |
| 690 | @aI247.4@v4 | |
| 701 | 0 | @a闵国库@9min guo ku@4著 |
| 801 | 0 | @aCN@bTSSF@c20150124 |
| 905 | @aZUCC@dI247.4@eJY14 | |
| 桅影/闵国库著.-沈阳:春风文艺出版社,1979 |
| 453页;20cm |
| ISBN :CNY1.00 |
| ● |
| 相关链接 |
|
|
|
|
正题名:桅影
索取号:I247.4/JY14
 
预约/预借
| 序号 | 登录号 | 条形码 | 馆藏地/架位号 | 状态 | 备注 |
| 1 | 7857041 | 278570413 | 学院路分馆/ [索取号:I247.4/JY14] | 在馆 | |
| 2 | 7857042 | 278570422 | 学院路分馆/ [索取号:I247.4/JY14] | 在馆 | |
| 3 | 7857043 | 278570431 | 学院路分馆/ [索取号:I247.4/JY14] | 在馆 |